Знаки и образы в рекламной коммуникации; Современные тенденции развития социально-коммуникативной сферы: технологии, направления, перспективы
| Parent link: | Современные тенденции развития социально-коммуникативной сферы: технологии, направления, перспективы.— 2005.— С. 115-119. |
|---|---|
| Автор: | |
| Мова: | Російська |
| Опубліковано: |
2005
|
| Предмети: | |
| Формат: | Частина з книги |
| KOHA link: | https://koha.lib.tpu.ru/cgi-bin/koha/opac-detail.pl?biblionumber=98863 |
MARC
| LEADER | 00000naa2a2200000 4500 | ||
|---|---|---|---|
| 001 | 98863 | ||
| 005 | 20231031111441.0 | ||
| 035 | |a (RuTPU)RU\TPU\book\106006 | ||
| 090 | |a 98863 | ||
| 100 | |a 20060623d2005 k y0rusy50 ca | ||
| 101 | 0 | |a rus | |
| 102 | |a RU | ||
| 200 | 1 | |a Знаки и образы в рекламной коммуникации |f Г. Ю. Тихонова | |
| 320 | |a Библиогр.: 6 назв. | ||
| 463 | 0 | |0 (RuTPU)RU\TPU\book\68842 |t Современные тенденции развития социально-коммуникативной сферы: технологии, направления, перспективы |o Труды II межрегиональной научно-практической конференции студентов, аспирантов и ученых. Томск, 26-27 октября, 2005 |f Томский политехнический университет; Современные тенденции развития социально-коммуникативной сферы: технологии, направления, перспективы, Межрегиональная научно-практическая конференция студентов, аспирантов и ученых |v С. 115-119. |d 2005 |p 254 с. | |
| 610 | 1 | |a реклама | |
| 610 | 1 | |a знаки | |
| 610 | 1 | |a образы | |
| 610 | 1 | |a символы | |
| 610 | 1 | |a формирование | |
| 610 | 1 | |a общество | |
| 610 | 1 | |a сопричастность | |
| 610 | 1 | |a труды учёных ТПУ | |
| 700 | 1 | |a Тихонова |b Г. Ю. | |
| 801 | 1 | |a RU |b 63413507 |c 20060623 |g PSBO | |
| 942 | |c BK | ||